| 000 | 02019nam a2200421 c 4500 | ||
|---|---|---|---|
| 003 | BLK | ||
| 005 | 20180422103319.0 | ||
| 008 | 180408b bul|||||r ||||||| ||bul|| | ||
| 010 | _aKNG00077181000 | ||
| 020 |
_a954-533-070-8 _bиздат.: Кралица МАБ |
||
| 040 | _aBLK | ||
| 041 |
_aBUL _cBUL |
||
| 080 |
_aЧовек. Тяло. Лице. Портрет. Битов жанр _b7.041 _x _z7.041 |
||
| 080 |
_aИзкуството като форма на общественото съзнание. Изкуство и общество _b7.010.1 _x _z7.010.1 |
||
| 100 | 1 |
_aФокрул, Бернар _eпърви автор _9134531 |
|
| 700 | 1 |
_aЛьогро, Робер _eсъавт. _990101 |
|
| 700 | 1 |
_aТодоров, Цветан _eсъавт. _gБоров, Цветан Тодоров _9363479 |
|
| 700 | 1 |
_aПопова, Албена _eпрев. _9363337 |
|
| 700 | 1 |
_aСтайков, Златко _eпрев. _9363897 |
|
| 139 |
_aФокрул, Бернар и др. _bФ 68 |
||
| 245 | 1 | 0 |
_aЗараждането на индивида в изкуството _cБернар Фокрул; съавт. Робер Льогро; съавт. Цветан Тодоров; прев. Албена Попова; прев. Златко Стайков. |
| 257 | _aFRA | ||
| 260 |
_аСофия _bКралица МАБ _c2006 |
||
| 300 |
_a148 с. _c20 см |
||
| 380 | _a7 | ||
| 500 | _aОриг. загл. La naissance de l'individu dans l'art / Bernard Foccoule, Robert Legros, Tzvetan Todorov. - Пълното име на Цв. Тодоров е Цветан Тодоров Боров. - Библиогр. с. 143-146 | ||
| 504 | _a143-146 | ||
| 650 | 4 |
_aИзкуство - теми, образи, сюжети _9278307 |
|
| 650 | 4 |
_aИзкуство и действителност _9296067 |
|
| 653 | _aизкуство | ||
| 653 | _aиндивид | ||
| 653 | _aмодернизъм | ||
| 852 | _aЦб 235314 | ||
| 856 | 4 |
_qpdf _u |
|
| 856 | 4 |
_qpdf _u |
|
| 942 |
_cKNG _n0 |
||
| 944 |
_aCR _c08.08.2007 _kЦветанка_Енчева |
||
| 944 |
_aED _c01.02.2008 _k |
||
| 999 |
_c72804 _d72804 |
||